000 01408nam a22002657a 4500
005 20170124103151.0
010 _aA-696775
020 _c35.00
035 _aA-696775
037 _bCen Lib/Ret
040 _aDPL
_bHN
082 _a821.08
_bगुप्तम
100 _aगुप्त, मन्मथनाथ
_987979
245 _aरामधारी सिंह दिनकर :
_cमन्मथनाथ गुप्त
_bसमग्र कविताओं में से चुनी हुई कवितायेँ कवि की जीवनी एवं उनके काव्य का मुल्यांकन /
246 _aRamdhari singh dinkar : samgr kavitaon me se chuni hui kavitayen kavi ki jivni evam unke kavya ka mulyankan
_bby Manmthnath Gupt
260 _aदिल्ली
_bराजपाल एंड संस
_c1993
270 _aकश्मीरी गेट
_bदिल्ली
_e110006
300 _a124पृष्ठ.
_c17सेमी(सजिल्द)
490 _aआज के लोकप्रिय हिंदी कवि -7
650 _aहिंदी साहित्य
_987980
650 _aहिंदी कवितायेँ -- दिनकर
_987981
650 _aHindi literature
_987982
650 _aHindi poems - sun
_987983
942 _2ddc
_cHN
_h821.08
_mगुप्तम
999 _c119987
_d119987